000 00414nam a2200181Ia 4500
001 11264
005 20260306161933.0
008 260306t2005||||xx |||||||||||||| ||spa||
041 _aESP
082 _a985.02
_bH38
100 _aHemming, John
_eAUT
245 0 _aLa conquista de los incas
260 _c2005
300 _a686 páginas :
_ccm.
650 _aGEN
654 _aCHU
942 _cLIB
_dJUS
_fJUS
_2ddc
_n
999 _c11264
_d11264